Effect of different animal manure on growth and yield of bitter gourd atroyal university of agriculture,(ឥទ្ធិពលជីលាមកសត្វប្រភេទផ្សេងៗគ្នាទៅលើការលូតលាស់ និងទិន្នផលដំណាំម្រះក្នុងល័ក្ខខណ្ឌដីសាកលវិទ្យាល័យភូមិន្ទកសិកម្ម) (Record no. 727)
[ view plain ]
| 000 -LEADER | |
|---|---|
| fixed length control field | 00776nam a22001577a 4500 |
| 003 - CONTROL NUMBER IDENTIFIER | |
| control field | OSt |
| 005 - DATE AND TIME OF LATEST TRANSACTION | |
| control field | 20150918134826.0 |
| 008 - FIXED-LENGTH DATA ELEMENTS--GENERAL INFORMATION | |
| fixed length control field | 150918b xxu||||| |||| 00| 0 eng d |
| 040 ## - CATALOGING SOURCE | |
| Transcribing agency | RUA |
| 082 ## - DEWEY DECIMAL CLASSIFICATION NUMBER | |
| Classification number | AGR TAU |
| 100 ## - MAIN ENTRY--PERSONAL NAME | |
| 9 (RLIN) | 758 |
| Personal name | TAUCH UNG |
| 245 ## - TITLE STATEMENT | |
| Title | Effect of different animal manure on growth and yield of bitter gourd atroyal university of agriculture,(ឥទ្ធិពលជីលាមកសត្វប្រភេទផ្សេងៗគ្នាទៅលើការលូតលាស់ និងទិន្នផលដំណាំម្រះក្នុងល័ក្ខខណ្ឌដីសាកលវិទ្យាល័យភូមិន្ទកសិកម្ម) |
| 260 ## - PUBLICATION, DISTRIBUTION, ETC. (IMPRINT) | |
| Place of publication, distribution, etc. | phonm penh |
| Name of publisher, distributor, etc. | RUA |
| Date of publication, distribution, etc. | 2005 |
| 300 ## - PHYSICAL DESCRIPTION | |
| Extent | xi,55p. |
| Dimensions | ill. |
| Size of unit | 29cm. |
| 942 ## - ADDED ENTRY ELEMENTS (KOHA) | |
| Source of classification or shelving scheme | |
| Koha item type | AGR |
No items available.